Statistics for Every Song by the Neighbourhood

Click here to take the quiz!

General Stats

  • This quiz has been taken 128 times
    (89 since last reset)
  • The average score is 35 of 82

Answer Stats

AlbumSong% Correct
I Love You.(2013)Sweater Weather
100%
Wiped Out!(2015)Daddy Issues
89%
Wiped Out!(2015)The Beach
76%
I Love You.(2013)Afraid
73%
The Neighborhood(2018)Reflections
73%
Wiped Out!(2015)Wiped Out!
73%
The Neighborhood(2018)Softcore
69%
To Imagine(2018)Compass
65%
Wiped Out!(2015)Cry Baby
65%
I Love You.(2013)Flawless
65%
The Neighborhood(2018)You Get Me So High
65%
Chip Chrome & The Mono-Tones(2020)Pretty Boy
63%
Wiped Out!(2015)Prey
63%
I Love You.(2013)Alleyways
61%
Wiped Out!(2015)Baby Came Home 2 / Valentines
61%
Wiped Out!(2015)Ferrari
61%
I Love You.(2013)W.D.Y.W.F.M?
60%
Chip Chrome & The Mono-Tones(2020)Cherry Flavoured
58%
The Neighborhood(2018)Void
58%
The Neighborhood(2018)Nervous
56%
Chip Chrome & The Mono-Tones(Bonus)(2020)Stargazing
56%
I Love You.(Bonus)(2013)A Little Death
55%
#000000 & #FFFFFF(2014)#icanteven
55%
Chip Chrome & The Mono-Tones(2020)Devil's Advocate
53%
I Love You.(2013)Female Robbery
53%
The Neighborhood(2018)Sadderdaze
53%
The Neighborhood(2018)Scary Love
52%
#000000 & #FFFFFF(2014)To
52%
Hard(2017)24/7
50%
The Neighborhood(2018)Blue
50%
Wiped Out!(2015)Single
50%
The Love Collection(2013)$TING
50%
Wiped Out!(2015)Greetings from California
48%
Ever Changing(2018)Paradise
48%
Wiped Out!(2015)R.I.P. 2 My Youth
45%
The Neighborhood(2018)Stuck with Me
45%
The Neighborhood(2018)Flowers
44%
#000000 & #FFFFFF(2014)Unfair
44%
I Love You.(2013)Let it Go
42%
#000000 & #FFFFFF(2014)Lurk
42%
Wiped Out!(2015)A Moment of Silence
40%
To Imagine(2018)Dust
40%
I Love You.(2013)Everybody's Watching Me (Uh Oh)
40%
#000000 & #FFFFFF(2014)Jealou$y
40%
#000000 & #FFFFFF(2014)Silver
40%
Chip Chrome & The Mono-Tones(2020)Chip Chrome
39%
#000000 & #FFFFFF(2014)Dangerous
39%
To Imagine(2018)Heaven
39%
I Love You.(2013)How
39%
Hard(2017)Noise
39%
I Love You.(2013)Staying Up
39%
#000000 & #FFFFFF(2014)U&I
39%
Chip Chrome & The Mono-Tones(2020)The Mono-Tones
37%
Chip Chrome & The Mono-Tones(2020)Tobacco Sunburst
37%
Hard(2017)Roll Call
35%
The Love Collection(2013)West Coast
35%
Ever Changing(2018)Kill Us All
34%
The Love Collection(2013)No Grey
34%
#000000 & #FFFFFF(2014)Warm
34%
Chip Chrome & The Mono-Tones(2020)Silver Lining
32%
Chip Chrome & The Mono-Tones(2020)Middle of Somewhere
31%
Chip Chrome & The Mono-Tones(Bonus)(2020)Over the Influence
31%
Ever Changing(2018)Beat Take 1
29%
Chip Chrome & The Mono-Tones(2020)Hell or High Water
29%
Chip Chrome & The Mono-Tones(2020)Lost in Translation
29%
Ever Changing(2018)Beautiful Oblivion
26%
Chip Chrome & The Mono-Tones(Bonus)(2020)The Shining
26%
Chip Chrome & The Mono-Tones(2020)BooHoo
24%
Ever Changing(2018)Livin' in a Dream
24%
Chip Chrome & The Mono-Tones(Bonus)(2020)Here We Go Again
23%
#000000 & #FFFFFF(2014)1 of Those Weaks
16%
#000000 & #FFFFFF(2014)*NSTYNCT
15%
#000000 & #FFFFFF(2014)T$RL
15%
#000000 & #FFFFFF(2014)When I Get Back
15%
#000000 & #FFFFFF(2014)Rain Interlude
8%
The Neighborhood(2018)Revenge
8%
The Neighborhood(2018)Too Serious
8%
I Love You.(2013)Afloat
5%
#000000 & #FFFFFF(2014)Givin' N' Takin
5%
#000000 & #FFFFFF(2014)Phone Call Interlude
5%
#000000 & #FFFFFF(2014)Ye Interlude
3%
#000000 & #FFFFFF(2014)H8M4CH1N3
2%

Score Distribution

Percentile by Number Answered

Percent of People with Each Score

Your Score History

You have not taken this quiz since the last reset